Projektový manažment : metódy, nástroje a využitie projektového manažmentu v praxi : medzinárodný seminár, Trnava, 9. jún 2005 /
Uloženo v:
| Hlavní autor: | |
|---|---|
| Médium: | Kniha |
| Jazyk: | slovenština |
| Vydáno: |
Bratislava :
Slovenská technická univerzita v Bratislave,
2005
|
| Vydání: | [1. vyd.] |
| Témata: | |
| ISBN: | 8022722294 |
| On-line přístup: |
|
| Tagy: |
Přidat tag
Žádné tagy, Buďte první, kdo vytvoří štítek k tomuto záznamu!
|
MARC
| LEADER | 00000nam a2200000 4500 | ||
|---|---|---|---|
| 003 | SK-BrCVT | ||
| 005 | 20220617221410.0 | ||
| 008 | 060221s2005 xo e ||||||slo d | ||
| 020 | |a 8022722294 | ||
| 035 | |a CVTIDW1201897 | ||
| 040 | |b slo |a CVTI SR |e AACR2 | ||
| 041 | 0 | |a slo | |
| 044 | |a xo | ||
| 080 | |a 65.012.4 |2 UDC-MRF | ||
| 100 | 1 | |a Sablik, Jozef |4 aut | |
| 245 | 1 | 0 | |a Projektový manažment : |b metódy, nástroje a využitie projektového manažmentu v praxi : medzinárodný seminár, Trnava, 9. jún 2005 / |c Autori: Jozef Sablik ... [et al.] |
| 250 | |a [1. vyd.] | ||
| 260 | |a Bratislava : |b Slovenská technická univerzita v Bratislave, |c 2005 | ||
| 300 | |a 99 l. : |b grafy, lit., obr., tab. ; | ||
| 653 | 1 | |a konflikt |a kríza |a simulácia | |
| 910 | |b A596677 | ||
| 919 | |a 80-227-2229-4 | ||
| 974 | |f Knihy | ||
| 992 | |a AZN | ||
| 999 | |c 148564 |d 148564 | ||

